Soledad /

Kaydedildi:
Detaylı Bibliyografya
Yazar: Salazar Mallén, Rubén (autor)
Materyal Türü: Kitap
Dil:İspanyolca
Baskı/Yayın Bilgisi: México : UNAM, 1972, c1972
Edisyon:4a edición
Seri Bilgileri:(Cuento y Relato)
Konular:
Etiketler: Etiketle
Etiket eklenmemiş, İlk siz ekleyin!

MARC

LEADER 00000nam^a2200000^a^4500
001 000391226
005 20250521000000.0
009 20260310121210.264
037 |a Acervo Xavier Clavigero 
041 |a ESP 
082 |a 863.  |b SAL 
100 |a Salazar Mallén, Rubén  |e (autor) 
245 1 0 |a Soledad /  |c R. Salazar Mallén. 
250 |a 4a edición 
264 4 |a México :  |b UNAM,  |c 1972, c1972 
300 |a 91 p. 
336 |a texto  |b txt  |2 rdacontenido 
337 |a sin mediación  |b n  |2 rdamedio 
338 |a volumen  |b nc  |2 rdasoporte 
440 1 |a (Cuento y Relato) 
545 0 |a Rubén Salazar Mallén (1905-1986), abogado y escritor nacido en Coatzacoalcos, Veracruz; además de haber sido un prolífico autor de libros de ensayo político, ejerció el periodismo. Salazar Mallén ha sido un escritor poco reconocido por la historia literaria de México, más por las posiciones antagónicas que nunca logró conciliar y que los intelectuales de su momento no le perdonaron. A partir de su particular visión crítica y contradictoria del poder político, literario y financiero, así como de su oposición a la opresión sobre el hombre, a lo estático y a lo institucional, produjo una obra que puede leerse en tono de resentimiento y desilusión, expresados a través del humor negro. Su literatura fue, al mismo tiempo, vanguardista que conservadora, con rasgos estéticos anacrónicos; su estilo fue pulcro, con símiles y paradojas correctamente utilizados, aunque irónicamente, debió su reconocimiento popular debido a la dureza con que manejó el lenguaje coloquial, incluidas las malas palabras. Encontró fuente de inspiración en el pasado como salvación, con personajes y escenas crudas pero muy humanos. Entre sus obras más importantes de cuentan: Dos cuentos (Ruta, Orilla, 1932), Cariátide (1934), Camino de perfección (1397), Soledad (1937), Ojo de agua (1949), Ninón (1957), Adela y yo (1957), El sentido común (1960). 
561 |a Ex libris manuscrito de Alvaro, fechado en 1980 
649 |a XX 
650 |a Novela Mexicana 
650 |a Literatura Mexicana -  |y Siglo XX 
910 |a Fondo General 
920 |a Impresos - Libros 
930 |a Colección General 
940 |a Literatura 
905 |a 101 
901 |a 0500286139  |b IT1  |c LIT  |i FXC D2358  |u 20250521 
902 |a https://opac.biblio.iteso.mx/vufind/Record/000391226